000 00716nam a2200193 4500
008 171212b xxu||||| |||| 00| 0 eng d
020 _a0023619112
082 _21991
_aDC 909.09821
_bK11
100 _924866
_aKagan, Donald, author.
245 _aThe Western heritage /
_cDonald Kagan, Steven Ozment, Frank M. Turner.
250 _aFourth edition.
260 _aNew York :
_bCollier Macmillan Canada,
_c©1991.
300 _axxxi, 551 pages :
_bcolored illustrations ;
_c27 cm.
500 _aIncludes bibliographical references and index.
650 0 _924868
_aCivilization, Western.
700 _924869
_aOzment, Steven E.,author.
700 _924871
_aTurner, Frank M. (Frank Miller), author.
942 _2ddc
_cDC
999 _c8056
_d8056